| 000 | 00856cam a22002535a 4500 | ||
|---|---|---|---|
| 001 | 15390525 | ||
| 005 | 20161128103435.0 | ||
| 008 | 080731t2008 nyua frb 001 0 eng d | ||
| 020 | _a9780387773162 | ||
| 040 |
_aBTCTA _cBTCTA _dBAKER _dYDXCP _dCDX _dBWX _dIXA _dDLC _dEG-ScBUE _beng |
||
| 082 | 0 | 4 |
_a330.015195 _222 _bKLE |
| 100 | 1 | _aKleiber, Christian. | |
| 245 | 1 | 0 |
_aApplied Econometrics with R / _cChristian Kleiber, Achim Zeileis. |
| 260 |
_aNew York : _bSpringer, _cc.2008. |
||
| 300 |
_ax, 221 p. : _bill. ; _c24 cm. |
||
| 490 | 0 | _aUse R! | |
| 504 | _aIncludes bibliographical references and index. | ||
| 650 | 7 |
_aR (Computer program language) _2BUEsh _920132 |
|
| 650 | 7 |
_aEconometrics _xData processing. _2BUEsh |
|
| 650 | 7 |
_aStatistics _xData processing _2BUEsh _99867 |
|
| 653 |
_bBUSECO _cNovember2016 |
||
| 700 | 1 | _aZeileis, Achim. | |
| 942 | _2ddc | ||
| 999 |
_c23370 _d23342 |
||